000 00537nam a2200205 a 4500
001 23329
003 CO-ViMGA
008 141112s2004 ck r 000 u spa d
020 _a7706894223268
040 _aCO-ViMGA
_bspa
_cCO-ViMGA
082 0 4 _a338.91 K784i
100 1 _aKrugman, Paul
_98657
245 1 0 _aInternacionalismo POP
260 _aColombia :
_bNorma
300 _a230p.
650 1 4 _aCOMERCIO EXTERIOR
650 1 4 _aCOMPETENCIA ECONOMICA INTERNACIONAL
650 1 4 _aEconomía INTERNACIONAL
_948555
942 _2ddc
_cBK
999 _c31551
_d31551